000 00582nam a2200169Ia 4500
008 220216s9999 xx 000 0 und d
100 _aChow Keng-See
245 0 _aAnalysis of latex expressed sequence tags (ESTs) in Hevea brasiliensis
260 _bBiotechnology and Rubber Tree : Proceedings of IRRDB Symposium 25-28 September 2001. CIRAD-CP/Rubber Programme, Montpellier, France
650 _aHevea brasiliensis
650 _aLatex expressed sequence tags
700 _aHarikrishna K
700 _aSunderasan E
700 _aTan S-H
700 _aYeang H-Y
942 _cJS
999 _c54231
_d54231